000 00729cam a22002531a 4500
001 2961
003 BD-RjUL
005 20211208233641.0
008 131217s1962 nyua 001 0 eng
035 _a(BD-RjUL)2989
035 _a(OCoLC)268744
040 _aDLC
_cOTifH
_dOCoLC
_dMoSU-L
_dDLC
_d(BD-RjUL)
_beng
041 _aeng
082 _a338.91
_bHOW
100 1 _aHoffman, Paul G.
_q(Paul Gray),
_d1891-1974.
_99440
245 1 0 _aWorld without want /
_cPaul G. Hoffman.
260 _aNew York :
_bHarper & Row,
_cc1962.
300 _a144 p. :
_bill. ;
_c22 cm.
500 _aIncludes index.
650 0 _aEconomic assistance
_zDeveloping countries.
_99441
942 _2ddc
_cBK
999 _c2961
_d2961